<?xml version="1.0" encoding="UTF-8"?>
<marc:record xmlns:marc="http://www.loc.gov/MARC21/slim">
   <marc:leader>00000nam a2200000 a 4500</marc:leader>
   <marc:datafield ind1="1" ind2=" " tag="100">
      <marc:subfield code="a">Profijt, Jutta</marc:subfield>
      <marc:subfield code="4">aut</marc:subfield>
      <marc:subfield code="e">Verfasser/-in</marc:subfield>
   </marc:datafield>
   <marc:datafield ind1=" " ind2=" " tag="653">
      <marc:subfield code="a">9</marc:subfield>
   </marc:datafield>
   <marc:datafield ind1="0" ind2="0" tag="245">
      <marc:subfield code="a">Blogging Queen</marc:subfield>
   </marc:datafield>
   <marc:datafield ind1="0" ind2="0" tag="245">
      <marc:subfield code="b">Roman</marc:subfield>
   </marc:datafield>
   <marc:datafield ind1="0" ind2="0" tag="245">
      <marc:subfield code="c">Jutta Profijt</marc:subfield>
   </marc:datafield>
   <marc:datafield ind1=" " ind2="1" tag="264">
      <marc:subfield code="a">München</marc:subfield>
      <marc:subfield code="b">Dt. Taschenbuch-Verl.</marc:subfield>
      <marc:subfield code="c">2011</marc:subfield>
   </marc:datafield>
   <marc:datafield ind1="1" ind2=" " tag="490">
      <marc:subfield code="a">dtv</marc:subfield>
   </marc:datafield>
   <marc:datafield ind1=" " ind2=" " tag="250">
      <marc:subfield code="a">Orig.-Ausg.</marc:subfield>
   </marc:datafield>
   <marc:datafield ind1="1" ind2=" " tag="520">
      <marc:subfield code="a">Angaben aus der Verlagsmeldung

Blogging Queen : Roman / von Jutta Profijt

Stewardess Millie ist sauer: Kurz vor ihrem 30. Geburtstag macht eine schwere Ohrenentz&amp;uuml;ndung sie f&amp;uuml;r Wochen fluguntauglich. Die Geburtstagsparty in der Karibik f&amp;auml;llt also flach. Als Trost darf Millie das luxuri&amp;ouml;se Penthouse einer Freundin h&amp;uuml;ten und dabei auch das neu entworfene Programmdesign zur Erstellung eines Blogs testen. Schnell erkennt Millie, dass sie dabei endlich ihre geheime Leidenschaft f&amp;uuml;r Mode, Styles und Trends ausleben kann. Aus dem Testlauf wird Ernst. Der Blog &amp;raquo;Millie&amp;rsquo;s Magazine&amp;laquo; schl&amp;auml;gt ein wie eine Bombe, die Modewelt steht Kopf. Doch als pl&amp;ouml;tzlich der attraktive Polizist Frank Stahl vor der T&amp;uuml;r steht, der einen international gesuchten Betr&amp;uuml;ger auf Millies Blogfotos entdeckt hat, bekommt es Millie mit der Angst zu tun. Um ihr virtuelles Glamourleben aufrechtzuerhalten, verstrickt sie sich in immer wildere L&amp;uuml;gengeschichten ...
</marc:subfield>
   </marc:datafield>
   <marc:datafield ind1=" " ind2=" " tag="020">
      <marc:subfield code="a">9783423213066</marc:subfield>
      <marc:subfield code="9">9783423213066</marc:subfield>
   </marc:datafield>
   <marc:datafield ind1=" " ind2=" " tag="041">
      <marc:subfield code="a">ger</marc:subfield>
   </marc:datafield>
   <marc:datafield ind1=" " ind2=" " tag="300">
      <marc:subfield code="a">302 S.</marc:subfield>
   </marc:datafield>
</marc:record>
